| 000 | 01041nam a22002537a 4500 | ||
|---|---|---|---|
| 005 | 20240530110556.0 | ||
| 008 | 160308s2013 ua a g b 000 0dara d | ||
| 017 |
_a20095 _bمصر . دار الكتب المصرية |
||
| 020 | _a9789773771534 | ||
| 040 | _aEG-CaGPL | ||
| 082 | 0 | 4 |
_221 _a658.312404\ _bب ت |
| 100 | 1 | _aبركينبيل ، ميخائيل | |
| 245 | 1 | 0 |
_aتدريب المدرب : _bدليل عملى للمدربين و الحاضرين و المختصين / _cتاليف ميخائيل بركينبيل ؛ ترجمة حسام الشيمى |
| 250 | _aط1 | ||
| 260 |
_aتالقاهرة : _bمجموعة النيل العربية ، _c2013 . |
||
| 300 |
_a438 ص : _bايض ؛ _c24 سم . |
||
| 504 | _aيشتمل على ارجاعات ببليوجرافية | ||
| 650 | 0 | 4 | _aالتدريب المهنى |
| 650 | 0 | 4 | _aالدورات التدريبية |
| 650 | 0 | 4 | _aالتوجية الادارى |
| 700 | 0 |
_aحسام الشيمى _eمترجم |
|
| 942 |
_2ddc _cBK |
||
| 999 |
_c62571 _d62571 |
||